| 000 | 00387nam a2200121Ia 4500 | ||
|---|---|---|---|
| 008 | 170224s9999 xx 000 0 und d | ||
| 245 | _aOver-reporting bias and the modified Stroop effect in Operation Enduring and Iraqi Freedom veterans with and without PTSD. | ||
| 260 | _bJournal of Abnormal Psychology | ||
| 260 | _c2014 | ||
| 300 | _a123:2 | ||
| 500 | _aMay | ||
| 650 | _xPsychology. | ||
| 999 |
_c316618 _d316618 |
||